000 00759nam a22002297a 4500
003 URS
005 20260413112931.0
008 260406b |||||||| |||| 00| 0 eng d
020 _a9788132105619
040 _cURS
050 _aLC 5808 .A78
_b.D6331 2010
245 _aDistance education technologies in Asia /
_cEdited by John Baggaley and Tian Belawati.
264 _aIndia :
_bSAGE Publication Ltd.,
_c©2010.
300 _axvii, 270 pages :
_billustration ;
_c22 cm.
504 _aIncludes bibliographical references.
650 _aDistance education
_zAsia.
650 _aDistance education - computer assisted instruction.
650 _aEducational technology
_zAsia.
700 _aBaggaley, Jon.
700 _aBelawati, Tian.
942 _2lcc
_cFR
999 _c99779
_d99776